Ecología Trófica de la Carrura Bairdiella ronchus (Pisces: Sciaenidae) en la Cienaga Grande de Santa Marta, Caribe colombiano (Registro nro. 15977)

Detalles MARC
000 -CABECERA
Campo de control 004900000a22001210004500
090 ## - CLASIFICACIÓN LOCAL
Colección AS
Consecutivo Seriadas
041 0# - IDIOMA
Código de idioma para texto/pista de sonido o título separado
100 1# - ASIENTO PRINCIPAL--NOMBRE PERSONAL
Nombre personal Torres Castro, Liliana
245 10 - MENCION DE TITULO
Título Ecología Trófica de la Carrura Bairdiella ronchus (Pisces: Sciaenidae) en la Cienaga Grande de Santa Marta, Caribe colombiano
700 1# - ASIENTO SECUNDARIO - NOMBRE PERSONAL
Nombre personal Santos Martínez, Adriana
773 1# - Item fuente:
Título Revista de la Academia Colombiana de Ciencias Exactas, Físicas y Naturales
Descripción física 109
Paginas del Articulo 529-534
Lugar, editorial y fecha de publicación 2004
Información sobre la relación 28
942 ## - ELEMENTOS ADICIONALES (KOHA)
Tipo de ítem Artículo

No hay ítems disponibles.